| 000 | 00341nam a2200109Ia 4500 | ||
|---|---|---|---|
| 008 | 200302s9999 xx 000 0 und d | ||
| 100 | _aGeorge E. Woodward and Other | ||
| 245 | _aA Victorian housebuilder's Guide" woodward's National architect" of 1869 | ||
| 260 | _bDover Publication Inc mineola /New Yark | ||
| 260 | _c1988 | ||
| 300 | _a100 P., | ||
| 999 |
_c4142 _d4142 |
||